| 000 | 01551cam a2200409 i 4500 | ||
|---|---|---|---|
| 999 |
_c66208 _d66208 |
||
| 001 | 768714001 | ||
| 003 | CO-MdFUSB | ||
| 005 | 20200622161656.0 | ||
| 007 | ta | ||
| 008 | 000526t2000 wiu 000 0aeng | ||
| 010 | _a00041968 | ||
| 020 |
_a1580510817 _q(pbk. : _qalk. paper) |
||
| 020 |
_a9781580510813 _q(pbk. : _qalk. paper) |
||
| 040 |
_aDLC _beng _cCO-MdFUSB _dRMC _dCO-MdFUSB _dBAKER _dBTCTA _dYDXCP _dIG# _dOCLCA _dOCLCF _dOCLCQ _dKAG _dOCLCQ _dSTA _dUtOrBLW _erda |
||
| 041 | _aeng | ||
| 042 | _apcc | ||
| 043 |
_an-us--- _af-ke--- |
||
| 082 |
_223 _a271.5302 _bM381 |
||
| 100 | 1 |
_aMartin, James, _d1960- _eautor |
|
| 245 | 1 | 0 |
_aIn good company : _bthe fast track from the corporate world to poverty, chastity, and obedience _c/ James Martin. |
| 264 | 1 |
_aFranklin, Wis. : _bSheed & Ward, _c[2000] |
|
| 264 | 4 | _c© 2000 | |
| 300 |
_a202 páginas ; _c21 cm. |
||
| 336 |
_atexto _btxt _2rdacontent. |
||
| 337 |
_asin mediación _bn _2rdamedia. |
||
| 338 |
_avolumen _bnc _2rdacarrier. |
||
| 505 | _aParte 1. Corazones inquietos. Leges sine moribus vanae - Pétalos en una rama - Un gancho invisible - Parte 2. Ven y mira. Una caña magullada - El signo de Jonas - La manera es ordinaria - Parte 3. Tarde te he amado. Religioso por naturaleza - Tareas simples - Ver la vida entera. | ||
| 563 | _aRústico | ||
| 650 | 7 |
_aMisioneros _9931 |
|
| 651 | 7 |
_aKenya _zNairobi. _2fast |
|
| 651 | 7 |
_aUnited States. _2fast |
|
| 655 | 7 | _aBiography. | |
| 942 | _cBK | ||
| 945 | _aJTF-925 | ||